000 00429pab a2200157 454500
008 180718b2003 xxu||||| |||| 00| 0 eng d
100 _aBanerjee, Sumanta
245 _aIndia and Pakistan: Deja vu gone stale
260 _c2003
300 _ap.2354-355.
362 _a14 Jun
650 _aIndia - Foreign relations - Pakistan
650 _aInternational relations
773 _aEconomic and Political Weekly
909 _a56894
999 _c56894
_d56894